00461nam a22001577a 4500082001200000100002500012100002400037100001800061245002500079260002700104300000800131700003800139700004400177700004200221700004000263 aR/6IT15 aSyed Wali Ullah Shah aRoll No. 15BS(IT)62 aSupervisor -  aSchool E Care Portal aNawabshahbQUESTc2019 a60p aMoiz Abbasi (Roll No. 15BS(IT)01) aSyeda Nudrat Shah (Roll No. 15BS(IT)46) aNoor Nabi Memon (Roll No. 15BS(IT)60) aHaseeb Rehman (Roll No. 15BS(IT)38)